Top 10 video games from each year 1980-2025 - Statistics

General Stats
  • This quiz has been taken 40 times
  • The average score is 76 of 460
Answer Stats
Hint Answer % Correct
1997 Grand Theft Auto
79%
1985 Super Mario Bros.
79%
2003 Call Of Duty
67%
2017 Fortnite
64%
1980 Pac-Man
58%
1986 The Legend Of Zelda
58%
2011 Minecraft
55%
1996 | 2002 Resident Evil
52%
1981 Donkey Kong
48%
2022 Elden Ring
48%
1991 Sonic The Hedgehog
48%
1985 Tetris
48%
1987 Final Fantasy
45%
2010 Red Dead Redemption
45%
2017 The Legend of Zelda: Breath of the Wild
45%
1993 | 2016 Doom
42%
2004 Halo 2
42%
2007 Halo 3
42%
1992 Mortal Kombat
42%
2018 Red Dead Redemption 2
42%
2005 | 2023 Resident Evil 4
42%
2011 Dark Souls
39%
2005 | 2018 God Of War
39%
2008 Grand Theft Auto 4
39%
2013 Grand Theft Auto 5
39%
1998 | 2019 Resident Evil 2
39%
2013 The Last Of Us
39%
2015 Bloodborne
36%
2010 Call Of Duty: Black Ops
36%
1994 Doom 2
36%
1997 Fallout
36%
2008 Fallout 3
36%
2022 God Of War: Ragnarok
36%
2001 Grand Theft Auto 3
36%
2004 Grand Theft Auto: San Andreas
36%
1987 Metal Gear
36%
1986 Metroid
36%
2016 Overwatch
36%
2016 Pokémon Go
36%
2007 Portal
36%
1999 Silent Hill
36%
2001 | 2024 Silent Hill 2
36%
1988 Super Mario Bros. 2
36%
2017 Super Mario Odyssey
36%
2000 The Sims
36%
1996 | 2013 Tomb Raider
36%
2006 Wii Sports
36%
2009 Assassin's Creed 2
33%
2023 Baldur's Gate 3
33%
2009 Call Of Duty: Modern Warfare 2
33%
2014 Dark Souls 2
33%
2016 Dark Souls 3
33%
2015 Fallout 4
33%
2020 Ghost of Tsushima
33%
2002 Grand Theft Auto: Vice City
33%
2011 Portal 2
33%
1992 Sonic The Hedgehog 2
33%
1988 Super Mario Bros. 3
33%
2007 Super Mario Galaxy
33%
1999 Super Smash Bros.
33%
1998 The Legend of Zelda: Ocarina Of Time
33%
2004 World Of Warcraft
33%
2024 Astro Bot
30%
2007 Bioshock
30%
2009 Demon's Souls
30%
1994 Donkey Kong Country
30%
2010 Fallout: New Vegas
30%
1992 Final Fantasy 5
30%
2007 God Of War 2
30%
2010 God Of War 3
30%
2005 Guitar Hero
30%
2014 Mario Kart 8
30%
2008 Mario Kart Wii
30%
1998 Metal Gear Solid
30%
1982 Ms. Pac-Man
30%
2021 Resident Evil Village
30%
1994 Sonic The Hedgehog 3
30%
1983 Star Wars
30%
1991 Street Fighter 2
30%
2010 Super Mario Galaxy 2
30%
1992 Super Mario Kart
30%
1990 Super Mario World
30%
1994 Super Metroid
30%
2018 Super Smash Bros Ultimate
30%
2011 The Elder Scrolls V: Skyrim
30%
2020 The Last Of Us Part 2
30%
2000 The Legend of Zelda: Majora's Mask
30%
2023 The Legend of Zelda: Tears of the Kingdom
30%
2015 The Witcher 3: Wild Hunt
30%
2000 Baldur's Gate 2
27%
2011 Batman: Arkham City
27%
2016 Battlefield 1
27%
2025 Donkey Kong: Bananza
27%
1995 Donkey Kong Country 2
27%
2020 Doom Eternal
27%
1998 Fallout 2
27%
1991 Final Fantasy 4
27%
1998 Half-Life
27%
2025 Hollow Knight: Silksong
27%
2009 League Of Legends
27%
1987 Mega Man
27%
1993 Mortal Kombat 2
27%
2006 New Super Mario Bros.
27%
1993 Starfox
27%
2001 Super Smash Bros Melee
27%
2006 The Elder Scrolls IV: Oblivion
27%
2001 Animal Crossing
24%
2020 Animal Crossing: New Horizons
24%
2009 Batman: Arkham Asylum
24%
2015 Batman: Arkham Knight
24%
2007 Call of Duty 4: Modern Warfare
24%
2025 Clair Obscur: Expedition 33
24%
1986 Dragon Quest
24%
1988 Dragon Quest 3
24%
1990 Final Fantasy 3
24%
2000 Final Fantasy IX
24%
1994 Final Fantasy VI
24%
1997 Final Fantasy VII
24%
1999 Final Fantasy VIII
24%
2001 Final Fantasy X
24%
2004 Half-Life 2
24%
2001 Halo: Combat Evolved
24%
2021 It Takes Two
24%
2008 Left 4 Dead
24%
1996 Mario Kart 64
24%
2005 Mario Kart DS
24%
1988 Mega Man 2
24%
1990 Mega Man 3
24%
2001 Metal Gear Solid 2
24%
2004 Metal Gear Solid 3
24%
2015 Metal Gear Solid 5
24%
2002 Metroid Prime
24%
1995 Mortal Kombat 3
24%
1996 Super Mario 64
24%
1989 Super Mario Land
24%
2002 Super Mario Sunshine
24%
2008 Super Smash Bros Brawl
24%
1995 Tekken 2
24%
2006 The Legend of Zelda: Twilight Princess
24%
2012 The Walking Dead
24%
2015 Undertale
24%
2018 Assassin's Creed Odyssey
21%
2025 Battlefield 6
21%
2013 Bioshock Infinite
21%
2024 Black Myth: Wukong
21%
1986 Castlevania
21%
1996 Crash Bandicoot
21%
2019 Death Stranding
21%
2025 Death Stranding 2
21%
1997 Diablo
21%
2012 Dishonored
21%
1990 Dr. Mario
21%
1984 Duck Hunt
21%
2006 Final Fantasy XII
21%
1990 F-Zero
21%
2006 Gears Of War
21%
1997 Goldeneye 007
21%
1997 Gran Turismo
21%
2020 Hades
21%
2010 Halo: Reach
21%
2009 Left 4 Dead 2
21%
2003 Mario Kart: Double Dash
21%
2018 Marvel's Spider-Man
21%
2023 Marvel's Spider-Man 2
21%
2007 Mass Effect
21%
2010 Mass Effect 2
21%
1996 Pokémon Red and Blue
21%
2016 Pokemon Sun & Moon
21%
1983 Punch-Out
21%
2003 Silent Hill 3
21%
1989 Simcity
21%
2002 Splinter Cell
21%
1998 Starcraft
21%
2005 Star Wars Battlefront 2
21%
1995 Super Mario World 2
21%
2002 The Elder Scrolls III: Morrowind
21%
1993 The Legend of Zelda: Link's Awakening
21%
2023 Alan Wake 2
18%
2010 Assassin's Creed: Brotherhood
18%
2014 Bayonetta 2
18%
1995 Chrono Trigger
18%
2020 Cyberpunk 2077
18%
2000 Diablo 2
18%
2012 Diablo 3
18%
2014 Dragon Age: Inquisition
18%
2009 Dragon Age: Origins
18%
1996 Duke Nukem 3D
18%
2014 Far Cry 4
18%
1981 Frogger
18%
2025 Ghost Of Yotoei
18%
2017 Horizon: Zero Dawn
18%
2012 Mass Effect 3
18%
2004 Metroid Prime 2
18%
2008 Persona 4
18%
2016 Persona 5
18%
2006 Pokémon Diamond & Pearl
18%
1999 Pokémon Gold and Silver
18%
1996 Quake
18%
2019 Sekiro: Shadows Die Twice
18%
2014 Shovel Knight
18%
1997 Star Fox 64
18%
2003 Star Wars: Knights Of The Old Republic
18%
2013 Super Mario 3D World
18%
2011 Terraria
18%
1991 The Legend Of Zelda: a Link To The Past
18%
2011 The Legend of Zelda: Skyward Sword
18%
2002 The Legend of Zelda: The Wind Waker
18%
1992 Wolfenstein 3D
18%
2018 Among Us
15%
2012 Animal Crossing: New Leaf
15%
2013 Assassin's Creed IV: Black Flag
15%
2024 Balatro
15%
1989 Castlevania 3
15%
2000 Counter-Strike
15%
2021 Deathloop
15%
1982 Donkey Kong Jr.
15%
1994 Earthbound
15%
2012 Far Cry 3
15%
2019 Fire Emblem: Three Houses
15%
2025 Hades 2
15%
2016 Inside
15%
2011 L.A. Noire
15%
1983 Mario Bros.
15%
2003 Max Payne 2
15%
1990 Metal Gear 2
15%
2008 Metal Gear Solid 4
15%
2021 Metroid Dread
15%
2009 New Super Mario Bros. Wii
15%
1992 Super Mario Land 2
15%
1989 Teenage Mutant Ninja Turtles
15%
2009 Uncharted 2: Among Thieves
15%
1995 Warcraft 2
15%
2002 Warcraft 3
15%
2014 Wolfenstein: The New Order
15%
2012 Borderlands 2
12%
1997 Castlevania: Symphony Of The Night
12%
2018 Celeste
12%
1981 Centipede
12%
1991 Civilization
12%
2008 | 2023 Dead Space
12%
2005 Devil May Cry 3
12%
2024 Final Fantasy VII Rebirth
12%
2020 Final Fantasy VII Remake
12%
1981 Galaga
12%
2006 Guitar Hero 2
12%
2021 Hitman 3
12%
2022 Horizon: Forbidden West
12%
1984 Ice Climber
12%
1993 Mega Man X
12%
2018 Monster Hunter: World
12%
1993 Myst
12%
2017 Players Unknown Battlegrounds
12%
2022 Pokémon Legends: Arceus
12%
2013 Rayman Legends
12%
1980 Rogue
12%
2016 Stardew Valley
12%
2018 Subnautica
12%
1986 Super Mario Bros.: The Lost Levels
12%
2023 Super Mario Bros Wonder
12%
1999 System Shock 2
12%
1990 The Secret Of Monkey Island
12%
1999 Unreal Tournament
12%
1988 Altered Beast
9%
1996 Civilization 2
9%
1995 Command & Conquer
9%
1987 Contra
9%
2019 Devil May Cry 5
9%
1994 Earthworm Jim
9%
2023 Final Fantasy XVI
9%
2001 Ico
9%
2012 Journey
9%
1986 Kid Icarus
9%
2005 Kingdom Hearts 2
9%
2003 Madden NFL 2004
9%
2014 Middle Earth: Shadow of Mordor
9%
1980 Missile Command
9%
1988 Ninja Gaiden
9%
2006 Okami
9%
2025 Silent Hill f
9%
2019 Star Wars Jedi: Fallen Order
9%
2015 Super Mario Maker
9%
2019 Super Mario Maker 2
9%
1996 Super Mario RPG: Legend of the Seven Stars
9%
2016 Uncharted: A Thief's End
9%
1980 Adventure
6%
1999 Age Of Empires 2
6%
2019 Apex Legends
6%
1984 Balloon Fight
6%
1998 Banjo-Kazooie
6%
1980 Battlezone
6%
2001 Command & Conquer: Red Alert 2
6%
2019 Control
6%
2017 Cuphead
6%
1981 Defender
6%
2000 Deus Ex
6%
1982 Dig Dug
6%
2019 Disco Elysium
6%
1987 Double Dragon
6%
2021 Forza Horizon 5
6%
1985 Ghosts n Goblins
6%
2020 Half-Life Alyx
6%
2010 Heavy Rain
6%
2006 Hitman: Blood Money
6%
2012 Hotline Miami
6%
2024 Indiana Jones and the Great Circle
6%
2017 Injustice 2
6%
2008 Littlebigplanet
6%
1987 Mike Tyson's Punch Out
6%
1990 Ninja Gaiden 2
6%
2000 Perfect Dark
6%
1980 Phoenix
6%
1982 Pitfall
6%
1982 Qbert
6%
2021 Ratchet & Clank: Rift Apart
6%
2007 Rock Band
6%
2015 Rocket League
6%
2005 Shadow Of The Collosus
6%
1998 Soulcalibur
6%
2023 Star Wars Jedi: Survivor
6%
2022 Stray
6%
2023 Street Fighter 6
6%
2009 Street Fighter IV
6%
2014 Super Smash Bros Wii. U
6%
2007 Team Fortress 2
6%
1981 Tempest
6%
2011 Uncharted 3: Drake's Deception
6%
2007 Uncharted: Drake's Fortune
6%
2022 Xenoblade Chronicles 3
6%
2025 Arc Raiders
3%
1984 Boulder Dash
3%
1980 Crazy Climber
3%
2011 Deus Ex: Human Revolution
3%
2025 Dispatch
3%
2013 DOTA 2
3%
1988 Double Dragon 2
3%
1992 Dune 2
3%
1984 Elite
3%
2020 Genshin Impact
3%
1988 Ghouls n Ghosts
3%
1989 Golden Axe
3%
1985 Gradius
3%
1998 Grim Fandango
3%
1988 John Madden Football
3%
1984 King's Quest
3%
1985 King's Quest 2
3%
1993 Kirby's Adventure
3%
2024 Metaphor: ReFantazio
3%
1982 Microsoft Flight Simulator
3%
2004 Paper Mario: The Thousand Year Door
3%
1982 Pole Position
3%
1989 Prince Of Persia
3%
2010 Rock Band 3
3%
2005 Splinter Cell: Chaos Theory
3%
1983 Spy Hunter
3%
1994 Star Wars: TIE Fighter
3%
1992 Streets Of Rage 2
3%
1991 Super Castlevania 4
3%
2013 The Legend of Zelda: A Link Between Worlds
3%
1998 Thief: The Dark Project
3%
2000 Tony Hawk's Pro Skater 2
3%
2001 Tony Hawk's Pro Skater 3
3%
1982 Tron
3%
2017 What Remains Of Edith Finch
3%
1990 Wing Commander
3%
1980 Wizard Of Wor
3%
1994 X-COM
3%
2012 XCOM: Enemy Unknown
3%
2015 Yakuza 0
3%
1980 Zork
3%
1986 Arkanoid
0%
1985 Battle City
0%
2001 Bejeweled
0%
1980 Berserk
0%
2003 Beyond Good & Evil
0%
1983 Bomberman
0%
1981 Bosconian
0%
2008 Braid
0%
1986 Bubble Bobble
0%
2004 Burnout 3
0%
1981 Castle Wolfenstein
0%
1999 Chrono Cross
0%
2017 Divinity Original Sin II
0%
1983 Dragon's Lair
0%
1989 Ducktales
0%
1983 Elevator Action
0%
2002 Eternal Darkness: Sanity's Requiem
0%
1999 Everquest
0%
1984 Excitebike
0%
1989 Final Fight
0%
1995 Full Throttle
0%
1985 Gauntlet
0%
1985 Hang-On
0%
2024 Helldivers 2
0%
2022 Immortality
0%
1992 Indiana Jones and the Fate of Atlantis
0%
1982 Joust
0%
2004 Katamari Damecy
0%
2013 Kentucky Route Zero
0%
1994 Killer Instinct
0%
2002 Kingdoms Hearts
0%
2022 Kirby and the Forgotten Land
0%
1984 Kung-Fu Master
0%
1991 Lemmings
0%
1983 Lode Runner
0%
1990 Loom
0%
1987 Maniac Mansion
0%
1993 Maniac Mansion 2
0%
1983 Mappy
0%
1984 Marble Madness
0%
2021 Marvel's Guardians of the Galaxy
0%
1989 Minesweeper
0%
1991 Monkey Island 2
0%
2022 Neon White
0%
2017 Nier Automata
0%
2015 Ori And The Blind Forest
0%
1986 Outrun
0%
2024 Persona 3 Reload
0%
1999 Planescape Torment
0%
1989 Populous
0%
2003 Prince Of Persia: The Sands Of Time
0%
2005 Psychonauts
0%
2021 Psychonauts 2
0%
1986 Rampage
0%
2003 Ratchet And Clank: Going Commando
0%
2021 Returnal
0%
1997 Riven
0%
1982 Robotron 2084
0%
2004 Rome: Total War
0%
1987 R-Type
0%
1993 Sam & Max Hit the Road
0%
1981 Scramble
0%
1993 Secret Of Mana
0%
1987 Sid Meier's Pirates!
0%
1988 Snatcher
0%
1995 Soul Edge
0%
2020 Spider-Man Miles Morales
0%
1987 Super Contra
0%
1991 Tecmo Super Bowl
0%
1991 Teenage Mutant Ninja Turtles: Turtles in Time
0%
2014 The Binding of Isaac: Rebirth
0%
1997 The Curse Of Monkey Island
0%
1984 The Hitchhiker's Guide to the Galaxy
0%
2018 The Return of the Obra Dinn
0%
1983 Track And Field
0%
2024 UFO 50
0%
1985 Ultima IV: Quest of the Avatar
0%
2022 Vampire Survivors
0%
2003 Viewtiful Joe
0%
1992 Virtua Racing
0%
1985 Where in the World Is Carmen Sandiego?
0%
1995 Worms
0%
1981 Zaxxon
0%
No matching quizzes found
Score Distribution
Percent of People with Each Score
Percentile by Number Answered
Your Score History
You have not taken this quiz